000 00430nam a2200145Ia 4500
008 231129s1999||||xx |||||||||||||| ||spa||
020 _a3-540-60676-9
040 _beng
082 _a005.1 M621g
100 _aMichalewricz Zbigniew
245 0 _aGenetice algorithms + data structures=evolution programs
260 _c1999
264 _aSringer-Verlag Berlin Heidelberg
942 _2ddc
_cBKS
999 _c14394
_d14394